Didáctica de la lengua materna. Un enfoque desde la lingüística.

Uloženo v:
Podrobná bibliografie
Hlavní autor: Alvarez Méndez, Juan Manuel (autor)
Médium: Kniha
Jazyk:angličtina
Vydáno: Madrid, España: Akal, 1987.
Témata:
Tagy: Přidat tag
Žádné tagy, Buďte první, kdo vytvoří štítek k tomuto záznamu!

MARC

LEADER 00000nam a22000007a 4500
003 CL-VaPUC
005 20230925150049.0
008 230913t1987 ||||| |||| 00| 0 eng d
999 |c 441790  |d 441788 
020 |a 84-7600-251-3 
040 |c Pontificia Universidad Católica de Valparaíso 
082 |2 22  |a 410 ALV 1987 
100 |9 367434  |a Alvarez Méndez, Juan Manuel  |e autor 
245 |a Didáctica de la lengua materna.   |b Un enfoque desde la lingüística.  
260 |a Madrid, España:   |b Akal,   |c 1987. 
300 |a 128 páginas. 
583 |c 20230913  |k Yessy Sthefany Diaz Vidal 
650 |a Lengua nativa   |x Estudio y enseñanza   |x Aspectos gramaticales y lingüísticos   |9 884633 
650 0 |9 270497  |a Gramática  |x Enseñanza y aprendizaje   |x Aspectos lingüísticos  
650 0 |9 265068  |a Lingüística  |x Didáctica de la lengua  
942 |2 ddc  |c BK 
952 |0 0  |1 0  |2 ddc  |4 0  |6 410_000000000000000_ALV_1987  |7 0  |8 A  |9 591572  |a BIBEDU  |b BIBEDU  |d 2023-09-13  |i 2859696  |o 410 ALV 1987  |p 2859696  |r 2023-09-13  |t 1  |w 2023-09-13  |y BK  |k LIT